Tour de France Femmes 2022 stage winners - Statistiques

Statistiques générales
  • Ce quiz a été pris 12 fois
  • Le résultat moyen est 6 sur 8
Statistiques - réponses
Hint Réponse % Correct
Stage 7 Annemiek van Vleuten
92%
Stage 8 Annemiek van Vleuten
92%
Stage 2 Marianne Vos
92%
Stage 3 Cecilie Uttrup Ludwig
83%
Stage 1 Lorena Wiebes
75%
Stage 6 Marianne Vos
75%
Stage 5 Lorena Wiebes
58%
Stage 4 Marlen Reusser
33%
Aucun quiz correspondant
Distribution des résultats
% des personnes avec chaque résultat
Percentile par nombre de réponses
Votre historique - résultats
Vous n’avez pas pris ce quiz